| 000 | 00371nam a2200145Ia 4500 | ||
|---|---|---|---|
| 008 | 230917s9999||||xx |||||||||||||| ||und|| | ||
| 040 |
_e127387 _aMAIN |
||
| 041 | _aEnglish | ||
| 082 | _a658.8 I2CS | ||
| 100 | _aICFAI Center for management research | ||
| 245 | 0 | _aStrategic marketig management | |
| 260 |
_aHyderabad _bICFAI _c2006 |
||
| 300 | _a539p p. | ||
| 942 | _cBK | ||
| 999 |
_c147836 _d147836 |
||